Pracovný pohovor - predzmluvné vzťahy

Predzmluvné vzťahy sú vzťahy, ktoré vznikajú a realizujú sa v štádiu pred uzatvorením pracovnej zmluvy, t. j. pred založením pracovného pomeru, ako aj pred jeho samotným vznikom. S predzmluvnými vzťahmi je spojený aj pracovný pohovor, ktorý má svoje zákonné pravidlá. O čom je povinný zamestnávateľ i...

Descrizione completa

Salvato in:
Dettagli Bibliografici
Autore principale: Petríková, Lucia
Natura: Capitolo di libro
Lingua:slovacco
Soggetti:
Tags: Aggiungi Tag
Nessun Tag, puoi essere il primo ad aggiungerne!!

MARC

LEADER 00000naa a2200000 4500
001 0300076
005 20240418093700.2
041 0 |a slo 
044 |a SK 
245 1 0 |a Pracovný pohovor - predzmluvné vzťahy  |c Lucia Petríková 
520 |a Predzmluvné vzťahy sú vzťahy, ktoré vznikajú a realizujú sa v štádiu pred uzatvorením pracovnej zmluvy, t. j. pred založením pracovného pomeru, ako aj pred jeho samotným vznikom. S predzmluvnými vzťahmi je spojený aj pracovný pohovor, ktorý má svoje zákonné pravidlá. O čom je povinný zamestnávateľ informovať zamestnanca na pracovnom pohovore? Aké otázky sa zamestnávateľ nesmie opýtať zamestnanca na pracovnom pohovore? Ako je to s vhodným oblečením na pracovný pohovor? 
610 2 0 |a právo pracovné 
610 2 0 |a vzťahy pracovnoprávne 
610 2 0 |a pohovor 
610 2 0 |a zmluvy pracovné 
610 2 0 |a zamestnanci 
610 2 0 |a zamestnávatelia 
610 2 0 |a zákonník práce 
100 1 |a Petríková, Lucia